<?xml version="1.0" encoding="UTF-8"?>
<record
    xmlns:xsi="http://www.w3.org/2001/XMLSchema-instance"
    xsi:schemaLocation="http://www.loc.gov/MARC21/slim http://www.loc.gov/standards/marcxml/schema/MARC21slim.xsd"
    xmlns="http://www.loc.gov/MARC21/slim">

  <leader>01164nam a22002537a 4500</leader>
  <controlfield tag="005">20140704121209.0</controlfield>
  <controlfield tag="008">140704b2011    ck ||||| ||||a00| 0 spa d</controlfield>
  <datafield tag="020" ind1=" " ind2=" ">
    <subfield code="a">9789585723801</subfield>
  </datafield>
  <datafield tag="041" ind1=" " ind2=" ">
    <subfield code="a">spa</subfield>
    <subfield code="a">eng</subfield>
  </datafield>
  <datafield tag="044" ind1=" " ind2=" ">
    <subfield code="a">ck</subfield>
  </datafield>
  <datafield tag="082" ind1="0" ind2="4">
    <subfield code="a">634.9</subfield>
    <subfield code="b">G98p</subfield>
  </datafield>
  <datafield tag="100" ind1="1" ind2=" ">
    <subfield code="a">Guti&#xE9;rrez-Melo, Edison D.</subfield>
    <subfield code="9">24633</subfield>
  </datafield>
  <datafield tag="245" ind1="1" ind2="0">
    <subfield code="a">Programa de reforestaci&#xF3;n comercial, un modelo de trabajo exitoso, diez a&#xF1;os construyendo bosques</subfield>
    <subfield code="c">Edison Gutierrez Melo y Natalia Gonz&#xE1;lez Romero</subfield>
  </datafield>
  <datafield tag="260" ind1=" " ind2=" ">
    <subfield code="a">Bogot&#xE1;</subfield>
    <subfield code="b">ONF Internacional</subfield>
    <subfield code="b">ONF Andina</subfield>
    <subfield code="b">Cormagdalena</subfield>
    <subfield code="c">2011</subfield>
  </datafield>
  <datafield tag="300" ind1=" " ind2=" ">
    <subfield code="a">118 p.</subfield>
    <subfield code="b">fot. (col)</subfield>
    <subfield code="c">34 x 24 cm.</subfield>
  </datafield>
  <datafield tag="505" ind1=" " ind2=" ">
    <subfield code="a">1. El programa de reforestaci&#xF3;n comercial-PRC
2. Los beneficios del PRC
3. PRC diez a&#xF1;os de aprendizaje</subfield>
  </datafield>
  <datafield tag="546" ind1=" " ind2=" ">
    <subfield code="a">T&#xED;tulo en ingl&#xE9;s
The commercial reforestation program, a successful work model, ten years building forest.</subfield>
  </datafield>
  <datafield tag="546" ind1=" " ind2=" ">
    <subfield code="a">Documento en espa&#xF1;ol e ingl&#xE9;s</subfield>
  </datafield>
  <datafield tag="650" ind1=" " ind2=" ">
    <subfield code="a">Reforestaci&#xF3;n comercial</subfield>
    <subfield code="z">Magdalena (Dpt. Colombia)</subfield>
    <subfield code="9">24634</subfield>
  </datafield>
  <datafield tag="650" ind1=" " ind2=" ">
    <subfield code="a">Conservaci&#xF3;n de los recursos naturales</subfield>
    <subfield code="9">24635</subfield>
  </datafield>
  <datafield tag="650" ind1=" " ind2="6">
    <subfield code="a">Proyectos de inversi&#xF3;n</subfield>
    <subfield code="z">Magdalena (Dpt. Colombia)</subfield>
    <subfield code="9">24636</subfield>
  </datafield>
  <datafield tag="700" ind1="1" ind2=" ">
    <subfield code="a">Gonz&#xE1;lez-romero, Natalia</subfield>
    <subfield code="9">24637</subfield>
  </datafield>
  <datafield tag="942" ind1=" " ind2=" ">
    <subfield code="2">ddc</subfield>
    <subfield code="c">Impreso</subfield>
  </datafield>
  <datafield tag="999" ind1=" " ind2=" ">
    <subfield code="c">8510</subfield>
    <subfield code="d">8510</subfield>
  </datafield>
</record>
